000 01090nam a2200265 i 4500
001 000029720
003 DO-SdBNP
005 20241031102313.0
007 ta
008 110425s1999 dr r 000 0 spa d
040 _aDO-SdBNP
_bspa
_cBNPHU
_erda
082 _axxxx
_bI37p
_222
100 1 _aIncháustegui, Arístides,
_d1938-
_eautor
_922936
245 1 0 _aPalabras en el acto de puesta en circulación del libro Vida Musical en Santo Domingo :
_bvida musical en Santo Domingo 1966-1996 /
_cArístides Incháustegui ; edición al cuidado del Dr. Rafael Bello Peguero, Pbro.
264 _aSanto Domingo :
_bAmigo del Hogar,
_c1999.
300 _a31 páginas ;
_c20 cm.
336 _ardacontent
_btexto
_2txt
337 _ardamedia
_bsin mediación
_2n
338 _ardacarrier
_bvolumen
_2nc
500 _aApéndice obra de Arístides Incháustegui y Blanca Delgado se ocupa de vida musical dominicana durante cuatro últimas décadas María Ugarte.
590 _aInventariado, 2024/DG
700 1 _aBello Peguero, Rafael,
_d1932-2022
_eedición
_92405
910 _aDG
942 _2ddc
_cLBS1
999 _c29212
_d29212